<?xml version="1.0" encoding="UTF-8"?>
<record
    xmlns:xsi="http://www.w3.org/2001/XMLSchema-instance"
    xsi:schemaLocation="http://www.loc.gov/MARC21/slim http://www.loc.gov/standards/marcxml/schema/MARC21slim.xsd"
    xmlns="http://www.loc.gov/MARC21/slim">

  <leader>01078nam a22002057a 4500</leader>
  <controlfield tag="003">OSt</controlfield>
  <controlfield tag="005">20260402113444.0</controlfield>
  <controlfield tag="008">260402b        |||||||| |||| 00| 0 spad</controlfield>
  <datafield tag="082" ind1=" " ind2=" ">
    <subfield code="2">997841889 x</subfield>
  </datafield>
  <datafield tag="100" ind1=" " ind2=" ">
    <subfield code="a">CARRILLO ALFONSO</subfield>
  </datafield>
  <datafield tag="245" ind1=" " ind2=" ">
    <subfield code="a">PRACTICAS DE QUIMICA GENERAL</subfield>
  </datafield>
  <datafield tag="250" ind1=" " ind2=" ">
    <subfield code="a">2da edici&#xF3;n</subfield>
  </datafield>
  <datafield tag="260" ind1=" " ind2=" ">
    <subfield code="a">ECUADOR</subfield>
    <subfield code="b">GRAFITEXT cia . Ltda </subfield>
    <subfield code="c">2001</subfield>
  </datafield>
  <datafield tag="300" ind1=" " ind2=" ">
    <subfield code="a">21x14 cm </subfield>
    <subfield code="b">302 pag </subfield>
  </datafield>
  <datafield tag="490" ind1=" " ind2=" ">
    <subfield code="3">tapa blanda </subfield>
  </datafield>
  <datafield tag="520" ind1=" " ind2=" ">
    <subfield code="a">la Qu&#xED;mica general por su naturaleza cient&#xED;fica trata sobre los principios y leyes fundamentales de los cuerpos . por ello , tiene una significaci&#xF3;n especial para quien la estudia asimilar los fundamentos te&#xF3;ricos indispensables y obviamente dominar todo lo que se refiere  a las t&#xE9;cnicas y procesos de experimentaci&#xF3;n diaria de esta ciencia y el practico porque el trabajar constantemente  con substancias en transformaci&#xF3;n implica una perenne experimentaci&#xF3;n </subfield>
  </datafield>
  <datafield tag="650" ind1=" " ind2=" ">
    <subfield code="a">instrucciones generales - materiales y apartados de laboratorio </subfield>
    <subfield code="x">primeros auxilios </subfield>
    <subfield code="y">trabajo en tubo de vidrio </subfield>
  </datafield>
  <datafield tag="700" ind1=" " ind2=" ">
    <subfield code="a">CARRILLO ALFONSO</subfield>
  </datafield>
  <datafield tag="942" ind1=" " ind2=" ">
    <subfield code="2">ddc</subfield>
    <subfield code="c">BK</subfield>
    <subfield code="n">0</subfield>
  </datafield>
  <datafield tag="952" ind1=" " ind2=" ">
    <subfield code="0">0</subfield>
    <subfield code="1">0</subfield>
    <subfield code="2">ddc</subfield>
    <subfield code="4">0</subfield>
    <subfield code="7">0</subfield>
    <subfield code="8">F02</subfield>
    <subfield code="a">ISUS</subfield>
    <subfield code="b">ISUS</subfield>
    <subfield code="c">Biblioteca Abierta</subfield>
    <subfield code="d">2026-04-02</subfield>
    <subfield code="e">Qu&#xED;mica </subfield>
    <subfield code="f">0462</subfield>
    <subfield code="l">0</subfield>
    <subfield code="o">0462</subfield>
    <subfield code="p">BIBLIO0462</subfield>
    <subfield code="r">2026-04-02 11:36:23</subfield>
    <subfield code="t">1</subfield>
    <subfield code="w">2026-04-02</subfield>
    <subfield code="y">BK</subfield>
  </datafield>
  <datafield tag="999" ind1=" " ind2=" ">
    <subfield code="c">2038</subfield>
    <subfield code="d">2038</subfield>
  </datafield>
</record>
